Television Engineering / (Record no. 183287)

000 -LEADER
fixed length control field 00959 a2200205 4500
003 - CONTROL NUMBER IDENTIFIER
control field Nust
005 - DATE AND TIME OF LATEST TRANSACTION
control field 20221229131014.0
020 ## - INTERNATIONAL STANDARD BOOK NUMBER
International Standard Book Number 8176841129
040 ## - CATALOGING SOURCE
Transcribing agency Nust
082 ## - DEWEY DECIMAL CLASSIFICATION NUMBER
Classification number 621.388,SHA
100 ## - MAIN ENTRY--PERSONAL NAME
Personal name Dr Ajay Sharma
9 (RLIN) 106377
245 ## - TITLE STATEMENT
Title Television Engineering /
Statement of responsibility, etc. Dr Ajay Sharma
250 ## - EDITION STATEMENT
Edition statement 1st ed
260 ## - PUBLICATION, DISTRIBUTION, ETC.
Place of publication, distribution, etc. New Delhi
Name of publisher, distributor, etc. Satya
Date of publication, distribution, etc. 2001
300 ## - PHYSICAL DESCRIPTION
Extent 337p
505 ## - FORMATTED CONTENTS NOTE
Formatted contents note Monochrome television system concepts (Page-1), Monochrome picture tubes (Page-20), Video cameras (Page-48), Monochrome and colour tv receivers (Page-57), Monochrome tv receiver circuits (58-83), Molour tv basics (Page-110), Colour tv systems (Page-143), Colour picture tube (Page-152), Cable tv and other applications (Page-158), Television studio and broadcast systems (Page-181), Digital TV (Page-185), Video cassette recorder (Page-221), Compact disc recording and reproduction (Page-234).
600 ## - SUBJECT ADDED ENTRY--PERSONAL NAME
Personal name DR.Ajay Sharma
9 (RLIN) 106378
650 ## - SUBJECT ADDED ENTRY--TOPICAL TERM
Topical term or geographic name entry element Engineering
942 ## - ADDED ENTRY ELEMENTS (KOHA)
Source of classification or shelving scheme
Koha item type Book
Holdings
Withdrawn status Lost status Source of classification or shelving scheme Damaged status Not for loan Permanent Location Current Location Shelving location Date acquired Full call number Barcode Date last seen Price effective from Koha item type Public note
          Military College of Signals (MCS) Military College of Signals (MCS) General Stacks 12/12/2016 621.388,SHA MCS32642 12/08/2016 12/12/2016 Book Almirah No.39, Shelf No.5
© 2023 Central Library, National University of Sciences and Technology. All Rights Reserved.